Tricks of the Java programming gurus

Uloženo v:
Podrobná bibliografie
Hlavní autor: Vaderburg, Glenn L (Autor)
Médium: Kniha
Jazyk:angličtina
Vydáno: Indianápolis Sams Net 1996
Témata:
Tagy: Přidat tag
Žádné tagy, Buďte první, kdo vytvoří štítek k tomuto záznamu!

MARC

LEADER 00000nam a2200000 a 4500
001 UCT5417
003 CL-VaPUC
008 961206e19960000US |||||||||||||||||eng|d
082 0 4 |a 004.6  |b VAN  |2 21 
100 0 |a Vaderburg, Glenn L  |e author  |9 374876 
245 1 0 |a Tricks of the Java programming gurus 
300 |a 847 p 
942 |c BK 
945 |d 19961206 00:00:00  |a rleighto 
260 |a Indianápolis  |b Sams Net  |c 1996 
500 |a Texto procesado sin CD 
600 0 7 |a JAVA  |2 CL-VaPUC  |9 374877 
650 7 |a PROGRAMAS DE COMPUTADOR  |2 CL-VaPUC  |9 262390 
650 0 |a Redes de información  |9 230208 
650 0 |a Redes de computadores  |9 263293 
650 0 |a Programación de computadores   |9 259531 
650 0 |a Lenguajes de programación   |9 259458 
583 |a last modification  |c 19961206 00:00:00  |k Rodrigo Vera 
999 |c 254357  |d 254355 
952 |0 0  |1 0  |4 0  |6 004_600000000000000_VAN_1996  |7 0  |8 A  |9 275998  |a BIBING  |b BIBING  |d 2019-11-19  |i 3259633  |o 004.6 VAN 1996  |p 3259633  |r 2024-01-25  |w 2019-11-19  |y BK  |k CCI